| 000 | 00556nam a22001937a 4500 | ||
|---|---|---|---|
| 003 | CEME | ||
| 005 | 20210628202832.0 | ||
| 008 | 210127b xxu||||| |||| 00| 0 eng d | ||
| 020 | _a0-19-511644-5 | ||
| 040 | _c. | ||
| 082 | _a621.39732 ALL | ||
| 100 |
_aAllen, Phillip. E:Holberg, Douglas. R _961871 |
||
| 245 | _aCmos analog circuit design | ||
| 250 | _a2ND | ||
| 260 |
_aNEW YORK _bOXFORD UNIVERSITY PRESS _c2002 |
||
| 300 | _aXVI,774P | ||
| 650 |
_aLINEAR INTEGRATED CIRCUITS, METAL OXIDE SEMICONDUCTORS, COMPLEMENTARY _961872 |
||
| 942 |
_cBK _2ddc |
||
| 999 |
_c571172 _d571172 |
||